02697nam a2200325 4500003000900000005001700009008004100026035002000067082001700087100004000104245007200144300008300216505177200299526000902071526000902080526000902089526000902098526000902107526000902116526000802125526000802133526000802141526000802149526000802157526000802165600004502173651006402218650003902282264005002321PE-LiUPU20250731184541.0210922n 000 0 eng u a(Sirsi) a25289904a985.033bH441 aHerrera Lima, Enrique Vidal,eautor10aHolocausto de los Túpac Amaru 1780 /cEnrique Vidal Herrera Lima. a411 páginas :bilustrado, fotos a color, retratos, mapas ;c29 centímetros0 aAlgunos levantamientos precursores. -Causas de la rebelión del inca Túpac Amaru. -Genealogía del inca Túpac Amaru. -Marquesado de Oropesa. -Sistema e trabajo comunitario incaico y de explotación colonial. -Biografía del inca Túpac Amaru (José Gabriel Condorcanqui Noguera). -Preparación y viaje antes de la rebelión. -Los blancos y el ejército del inca Túpac Amaru, circulo íntimo. -Primera etapa de la rebelión. -Propagación de la rebelión en el altiplano puneño. -Campaña del Cusco: sitio - retirada - persecución. -Campañas de Paruro - Cotabambas - Antabamba - Aymaraes. Campaña del Vilcanota por el general Del Valle: enero - febrero - marzo de 1781. -Confianza errada del inca Túpac Amaru. -Prisión del inca - torturas - ataque de Diego Cristóbal a Layo - Langui. -Nobleza y altivez del inca Túpac Amaru en el proceso. -Sentencia a muerte del inca Túpac Amaru, su familia y demás líderes. -Segunda etapa de la rebelión: Diego Cristóbal - Mariano - Andrés y Miguel Túpac Amaru. -Pugnas entre etnias y jefes de la rebelión. -Campaña del Collao del general Del Valle (Abril - mayo de 1781). -Sitio a la ciudad de Puno y éxodo del general Del Valle a Cusco. -Los cataristas del Alto Perú y cerco a la ciudad de La Paz. -Proceso de la amnistia Lampa - Sicuani. Consecuencias. -Muerte de Pedro Vilcapaza - captura y muerte Diego Cristóbal - Destierro de los Túpac Amaru. -Suplicio de Diego Cristóbal Túpac Amaru: 19 de julio de 1783. -Via crucis de los tupamaritas desterrados de cusco a Lima (06 de octubre de 1783). -Focos rebelde que apoyaron la rebelión de Túpac Amaru. -Juan Bautista Túpac Amaru (Condorcanqui Monjarrás). -Travesía marítima de los desterrados a España. aP136 aP135 aP134 aP133 aP144 aP143 aP87 aP35 aP20 aP14 aP10 aP0604aTupac-Amaru, José Gabriel,d1742-1781. 4aPerúxHistoriayInsurrección de Tupac Amaru, 1780-1781.04aIndígenasxFamiliaySiglo XVIII. aCuzco :bUniversidad Andina del Cusco,c2018.